[Event "Bundesliga (2nd) East 1996/97"]
[Site "masterchessopen.com - Germany"]
[Round "0"]
[White "Ioseliani Nana (GEO)"]
[Black "Espig Lutz (GER)"]
[Result "1-0"]
[WhiteElo "2520"]
[BlackElo "2410"]

1.d4 Nf6 2.Nf3 d6 3.c4 Nbd7 4.Nc3 e5 5.e4 Be7 6.Be2 O-O 7.O-O c6 8.Qc2 a6
9.Rd1 Qc7 10.Rb1 b5 11.b4 Bb7 12.h3 exd4 13.Nxd4 Ne5 14.Nf5 Rfe8 15.Bg5 Nxc4
16.Bxc4 bxc4 17.Bxf6 Bxf6 18.Nxd6 Red8 19.Nxc4 c5 20.bxc5 Qxc5 21.Na4 Rxd1+
22.Rxd1 Qc6 23.Nab6 Re8 24.Nd5 Bh4 25.g3 Bd8 26.Qd3 Qe6 27.Rb1 Bc6 28.Rb8 Qxh3
29.Rxd8 {#r} 1-0

[Event "It (open)"]
[Site "masterchessopen.com - Liechtenstein"]
[Round "1"]
[White "Gaertner Guntram (AUT)"]
[Black "Laske Erich (AUT)"]
[Result "1-0"]
[WhiteElo "2340"]
[BlackElo "2089"]

1.d4 d6 2.c4 Nf6 3.Nc3 e5 4.Nf3 Nbd7 5.e4 c6 6.Be2 g6 7.O-O Bg7 8.dxe5 dxe5
9.Qd6 Qe7 10.Qxe7+ Kxe7 11.b3 Nc5 12.Ba3 Nd7 13.Rad1 b6 14.Ne1 Ke6 15.Bg4+ f5
16.Bh3 Bf8 17.exf5+ gxf5 18.Nf3 Be7 19.Rfe1 Kf6 20.Bb2 Ne6 21.Nxe5 Nxe5
22.Nd5+ cxd5 23.Bxe5+ Kf7 24.Bxh8 dxc4 25.Bxf5 cxb3 26.Be4 {#r} 1-0

[Event "It (open)"]
[Site "masterchessopen.com - Manresa (Spain)"]
[Round "3"]
[White "Ionescu Constantin (ROM)"]
[Black "Herreros Fernandez Miguel (ESP)"]
[Result "1-0"]
[WhiteElo "2490"]
[BlackElo "2268"]

1.d4 Nf6 2.c4 d6 3.Nc3 Nbd7 4.e4 e5 5.Nf3 Be7 6.Be2 O-O 7.O-O c6 8.Re1 a6
9.Rb1 b5 10.b4 Bb7 11.dxe5 Nxe5 12.Nxe5 dxe5 13.Be3 Qc8 14.a4 a5 15.c5 bxa4
16.Nxa4 Qc7 17.Nb6 Ra7 18.Ra1 a4 19.f3 a3 20.Qb3 Nd7 21.Red1 Bc8 22.Bc4 Qb8
23.Rxa3 Rxa3 24.Qxa3 Nxb6 25.cxb6 Rd8 26.Rxd8+ Bxd8 27.Qa7 Qxa7 28.bxa7 Bb7
29.b5 {#r} 1-0

[Event "Ch Croatia (team) (2nd league)"]
[Site "masterchessopen.com - Medulin (Croatia)"]
[Round "0"]
[White "Krizsany Laszlo (HUN)"]
[Black "Brigljevic Milan (CRO)"]
[Result "1-0"]
[WhiteElo "2440"]
[BlackElo "2300"]

1.d4 Nf6 2.c4 d6 3.Nc3 Nbd7 4.e4 e5 5.Nf3 Be7 6.Be2 O-O 7.O-O h6 8.Qc2 c6
9.Be3 Nh7 10.Rfd1 Bf6 11.d5 c5 12.a3 Be7 13.b4 b6 14.Rab1 Ndf6 15.bxc5 bxc5
16.Nxe5 dxe5 17.d6 Nd7 18.dxe7 Qxe7 19.Nd5 Qd8 20.Bg4 {#r} 1-0

[Event "Ch Moscow"]
[Site "masterchessopen.com - Moscow (Russia)"]
[Round "8"]
[White "Baikov Vladimir A (RUS)"]
[Black "Nureev Garun (RUS)"]
[Result "1-0"]
[WhiteElo "2430"]
[BlackElo "2380"]

1.d4 Nf6 2.c4 d6 3.Nf3 Nbd7 4.Nc3 e5 5.e4 c6 6.Be2 Be7 7.O-O O-O 8.Qc2 a6
9.Rd1 Qc7 10.Bg5 b5 11.cxb5 cxb5 12.Rac1 Qb8 13.dxe5 dxe5 14.Nd5 Nxd5 15.exd5
Bc5 16.Bh4 Re8 17.Ng5 g6 18.Ne4 Bf8 19.d6 Bb7 20.Bg4 Bxe4 21.Qxe4 f5 22.Qd5+
Kg7 23.Rc7 Ra7 24.Qc6 {#r} 1-0

[Event "Ch Moscow"]
[Site "masterchessopen.com - Moscow (Russia)"]
[Round "2"]
[White "Mitenkov Alexey (RUS)"]
[Black "Nureev Garun (RUS)"]
[Result "1-0"]
[WhiteElo "2435"]
[BlackElo "2380"]

1.d4 Nf6 2.c4 d6 3.Nc3 e5 4.Nf3 Nbd7 5.e4 c6 6.Be2 Be7 7.O-O O-O 8.Re1 a6 9.h3
b5 10.a3 Bb7 11.Bf1 Re8 12.Be3 exd4 13.Bxd4 Bf8 14.Qc2 Ne5 15.Nd2 { !? } (
15.Nxe5 dxe5 16.Be3 Bc8 { !? ? } ) 15...Nh5 16.Be3 Bc8 17.cxb5 axb5 18.Ne2 d5
19.exd5 Qxd5 20.Nc3 Qd8 21.Rad1 Qh4 22.Qe4 { ! } 22...Bg4 { ? } ( 22...Qxe4
23.Ndxe4 { ? } ) 23.hxg4 { ! } 23...Bd6 ( 23...Nxg4 24.Nf3 { +?? } ) 24.g3
Nxg3 25.fxg3 Qxg3+ 26.Qg2 Nxg4 27.Nde4 { ! +?? } 27...Qh4 28.Nxd6 { } {#r} 1-0

[Event "VK3 1996/97"]
[Site "masterchessopen.com - NRW (Germany)"]
[Round "0"]
[White "Schlueter Christoph (GER)"]
[Black "Sygulski Boguslaw (POL)"]
[Result "0-1"]
[WhiteElo "2139"]
[BlackElo "2355"]

1.d4 d6 2.Nf3 Nf6 3.c4 Nbd7 4.Nc3 e5 5.e4 c6 6.Be2 Be7 7.O-O O-O 8.Rb1 a6
9.Qc2 b5 10.b4 Qc7 11.dxe5 dxe5 12.c5 a5 13.a3 Rd8 14.Nh4 Nf8 15.Nf5 Ne6 16.f4
Nxf4 17.Nxe7+ Qxe7 18.Bxf4 exf4 19.Rxf4 axb4 20.axb4 Qe5 21.Rf2 Be6 22.Bf3 Rd4
23.Rd2 Rc4 24.Qd3 g5 25.Ra2 Rxa2 26.Qd8+ Kg7 27.Nxa2 g4 {#R} 0-1

[Event "It (open) \"]
[Site "masterchessopen.com - Pesc (Hungary)"]
[Round "0"]
[White "Zimmerman Yuri (ISR)"]
[Black "Kosa Laszlo (HUN)"]
[Result "1-0"]
[WhiteElo "2380"]
[BlackElo "1663"]

1.d4 Nf6 2.c4 d6 3.Nf3 Nbd7 4.Nc3 e5 5.e4 c6 6.Be2 Be7 7.O-O Qc7 8.h3 a5 9.Be3
h6 10.d5 g5 11.Nd2 c5 12.a3 Nf8 13.b4 axb4 14.axb4 Rxa1 15.Qxa1 Ng6 16.bxc5
dxc5 17.Nb5 Qd7 18.Qa3 Nf4 19.Bd1 Nxg2 20.Bxc5 Bxc5 21.Qxc5 Nf4 22.Nd6+ Ke7
23.Nf5+ Kd8 24.Qb6+ {#r} 1-0

[Event "Ch Slovakia (team) 1996/97"]
[Site "masterchessopen.com - Presov (Slovakia)"]
[Round "2"]
[White "Kostak Tatiana (UKR)"]
[Black "Ianov Viktor (UKR)"]
[Result "0-1"]
[WhiteElo "2145"]
[BlackElo "2300"]

1.d4 Nf6 2.c4 d6 3.Nc3 Nbd7 4.e4 e5 5.Nf3 Be7 6.Be2 c6 7.h3 O-O 8.Be3 Qc7
9.Qd2 Re8 10.O-O Bf8 11.Rfd1 a6 12.Rac1 exd4 13.Qxd4 Nc5 14.Nd2 a5 15.Bg5 Ne6
16.Qe3 Nxg5 17.Qxg5 a4 18.Bg4 Nxg4 19.Qxg4 Re6 20.Nd5 cxd5 21.cxd5 Qe7 22.Qf5
g6 23.Qf4 Rf6 24.Qg3 {#R} 0-1

[Event "It"]
[Site "masterchessopen.com - Prievidza (Slovakia)"]
[Round "4"]
[White "Dobrotka Martin (SVK)"]
[Black "Boidman Yuri (GER)"]
[Result "0-1"]
[WhiteElo "2259"]
[BlackElo "2420"]

1.d4 Nf6 2.c4 d6 3.Nc3 Nbd7 4.e4 e5 5.Nf3 c6 6.Be2 Be7 7.O-O a6 8.b3 Qc7 9.Bb2
b5 10.a3 O-O 11.Rc1 Qb6 12.cxb5 axb5 13.b4 Bb7 14.Qd3 Rfe8 15.Rfd1 Bf8 16.dxe5
dxe5 17.Nh4 g6 18.Rc2 Bg7 19.Bf3 Nf8 20.Qf1 Ne6 21.Ne2 g5 22.Nf5 g4 23.Bxe5
gxf3 24.Neg3 Nxe4 25.Nxg7 Nxg3 26.hxg3 Nxg7 27.Bd4 c5 28.Rxc5 fxg2 29.Qxb5 Qh6
{#R} 0-1

[Event "It (open)"]
[Site "masterchessopen.com - Pula (Croatia)"]
[Round "8"]
[White "Ionescu Mihai (ROM)"]
[Black "Dumpor Atif (BIH)"]
[Result "0-1"]
[WhiteElo "2395"]
[BlackElo "2305"]

1.d4 Nf6 2.c4 d6 3.Nc3 Nbd7 4.e4 e5 5.Nf3 Be7 6.Be2 O-O 7.O-O c6 8.Qc2 Re8
9.Rd1 Qc7 10.Bg5 Nf8 11.d5 c5 12.Nxe5 Nxe4 13.Nxe4 Bxg5 14.Nf3 Bh6 15.Ng3 Bg4
16.Re1 g6 17.Bf1 Bxf3 18.gxf3 f5 19.Qa4 Re7 20.Kg2 Bg7 21.Qa3 Be5 22.Re2 h5
23.Rae1 h4 24.f4 hxg3 25.Rxe5 dxe5 {#R} 0-1

[Event "Ch Romania (team) (2 liga)"]
[Site "masterchessopen.com - Romania"]
[Round "6"]
[White "Ionita Serban (ROM)"]
[Black "Biro Sandor (ROM)"]
[Result "0-1"]
[WhiteElo "2113"]
[BlackElo "2320"]

1.d4 d6 2.c4 e5 3.Nf3 Nd7 4.e4 Ngf6 5.Nc3 Be7 6.Be2 O-O 7.O-O Re8 8.Qc2 c6
9.Rd1 Qc7 10.Rb1 Nf8 11.b4 Bg4 12.Be3 Ne6 13.Rbc1 Bxf3 14.Bxf3 exd4 15.Bxd4
Nxd4 16.Rxd4 Qb6 17.Qd3 Qxb4 18.Rb1 Qa5 19.Rxb7 c5 20.Rb5 Qa6 21.Nd5 cxd4
22.Nc7 Qxa2 23.Nxa8 Rc8 24.Rb7 Bd8 25.Rb1 Nd7 26.Rb7 Nc5 {#R} 0-1

[Event "Ch Slovakia (team) 1996/97"]
[Site "masterchessopen.com - Slovakia"]
[Round "5"]
[White "Kijac Miroslav (SVK)"]
[Black "Valent Ivan (SVK)"]
[Result "0-1"]
[WhiteElo "2159"]
[BlackElo "2227"]

1.d4 Nf6 2.c4 d6 3.Nf3 Nbd7 4.Nc3 e5 5.e4 Be7 6.Be2 c6 7.O-O O-O 8.Ne1 a6
9.Be3 b5 10.Nc2 Bb7 11.f4 exd4 12.Qxd4 b4 13.e5 dxe5 14.fxe5 bxc3 15.Rad1 c5
16.Qh4 Nd5 17.Qh3 Nxe3 18.Nxe3 Bg5 19.Bg4 Bc6 20.Nc2 cxb2 21.Bxd7 Bxd7 22.Rxd7
Qb8 23.Rb1 Qxe5 24.Rd5 Qf4 25.Rdd1 Rab8 26.Qa3 Bf6 27.Kh1 Be5 28.Qh3 Rfd8
29.Rf1 Qxf1+ 30.Rxf1 b1=Q {#R} 0-1

[Event "Ch Europe (juniors) (under 12)"]
[Site "masterchessopen.com - Tallinn (Estonia)"]
[Round "3"]
[White "Rau Hannes (GER)"]
[Black "Butsenko Igor (UKR)"]
[Result "0-1"]
[WhiteElo "2464"]
[BlackElo "2238"]

1.d4 Nf6 2.Nf3 d6 3.c4 Nbd7 4.Nc3 e5 5.e4 Be7 6.Be2 O-O 7.O-O c6 8.Be3 Ng4
9.Bd2 Qc7 10.h3 Ngf6 11.d5 Nc5 12.Qc2 cxd5 13.Nxd5 Nxd5 14.exd5 a5 15.b3 f5
16.a3 Bf6 17.b4 axb4 {#R} 0-1

[Event "Ch Europe (juniors) (under 14)"]
[Site "masterchessopen.com - Tallinn (Estonia)"]
[Round "9"]
[White "Danilov Nikolai (EST)"]
[Black "Teterev Vitaly (BLR)"]
[Result "0-1"]
[WhiteElo "2255"]
[BlackElo "2519"]

1.d4 Nf6 2.c4 d6 3.Nc3 Nbd7 4.e4 e5 5.Nf3 g6 6.Be2 Bg7 7.h3 O-O 8.Be3 exd4
9.Nxd4 Re8 10.Qc2 Nc5 11.f3 Nh5 12.O-O-O Ng3 13.Rhg1 f5 14.b4 Na6 15.a3 fxe4
16.fxe4 Nxe2+ 17.Ncxe2 Qe7 {#R} 0-1

[Event "It (open)"]
[Site "masterchessopen.com - Wiesbaden (Germany)"]
[Round "2"]
[White "Rotermund Verena (GER)"]
[Black "Mertens Klaus (GER)"]
[Result "0-1"]
[WhiteElo "1497"]
[BlackElo "2064"]

1.d4 Nf6 2.c4 d6 3.Nc3 Nbd7 4.e4 e5 5.Nf3 c6 6.Be2 Be7 7.O-O O-O 8.h3 a6 9.a4
a5 10.Be3 Re8 11.Qc2 Bf8 12.Rfd1 Qc7 13.dxe5 dxe5 14.Rd2 Nc5 15.Rad1 Qe7
16.Ne1 Be6 17.b3 Nfd7 18.Bg4 Bxg4 19.hxg4 Nf6 20.f3 Qe6 {#R} 0-1

[Event "Ch Czech Republic (cat.10)"]
[Site "masterchessopen.com - Zlin (Czech Republic)"]
[Round "7"]
[White "Babula Vlastimil (CZE)"]
[Black "Freisler Pavel (CZE)"]
[Result "1-0"]
[WhiteElo "2545"]
[BlackElo "2340"]

1.d4 Nf6 2.c4 d6 3.Nc3 Nbd7 4.e4 e5 5.Nf3 Be7 6.Be2 O-O 7.O-O c6 8.Qc2 a6
9.Rd1 Qc7 10.Bg5 b5 11.cxb5 cxb5 12.Rac1 Qb8 13.Nd5 Nxd5 14.exd5 f6 15.Be3 Rd8
16.dxe5 dxe5 17.d6 Bxd6 18.Qc6 Nf8 19.Bc5 Bb7 20.Bxd6 Bxc6 21.Bxb8 Rxd1+
22.Bxd1 Bxf3 23.Bb3+ {#r} 1-0

[Event "Match \"]
[Site "masterchessopen.com - Beer-Sheva (Israel)"]
[Round "2"]
[White "Grinshpun Eduard (RUS)"]
[Black "Kochetkov German (BLR)"]
[Result "1-0"]
[WhiteElo "2365"]
[BlackElo "2405"]

1.d4 d6 2.Nf3 Nf6 3.c4 Nbd7 4.Nc3 e5 5.e4 g6 6.d5 Be7 7.h3 O-O 8.Bh6 Re8 9.g4
Nc5 10.Qc2 c6 11.b4 Na6 12.Qb3 cxd5 13.cxd5 Bd7 14.Bd3 Qb6 15.Rb1 Rec8 16.Ne2
Bxg4 17.hxg4 Nxg4 18.Be3 Nxe3 19.fxe3 Nxb4 20.Qxb4 Qxe3 21.Nxe5 Bg5 22.Nxf7
Qxd3 23.Rb3 {#r} 1-0

[Event "Extra League 1997/98"]
[Site "masterchessopen.com - Czech Republic"]
[Round "9"]
[White "Meduna Eduard (CZE)"]
[Black "Schula Michal (CZE)"]
[Result "1-0"]
[WhiteElo "2470"]
[BlackElo "2273"]

1.d4 d6 2.Nf3 Nf6 3.c4 Nbd7 4.Nc3 e5 5.e4 c6 6.Be2 Be7 7.O-O Qc7 8.Be3 Nf8
9.d5 Ng6 10.b4 O-O 11.Ne1 a5 12.dxc6 axb4 13.cxb7 Qxb7 14.Rb1 Nxe4 15.Nd5 Rxa2
16.Rxb4 Qc6 17.Bh5 Nf6 18.Bxg6 Nxd5 19.cxd5 Qc3 20.Rb3 Ra1 21.Bxh7+ Kh8 22.Bb1
{#r} 1-0

[Event "It (open)"]
[Site "masterchessopen.com - Dos Hermanas (Spain)"]
[Round "2"]
[White "Perez Garcia Roberto (ESP)"]
[Black "Ubilava Elizbar (ESP)"]
[Result "0-1"]
[WhiteElo "2139"]
[BlackElo "2540"]

1.d4 Nf6 2.c4 d6 3.Nf3 Nbd7 4.Nc3 e5 5.e4 g6 6.d5 Bg7 7.h3 Nc5 8.Qc2 a5 9.Bg5
h6 10.Be3 Nh5 11.g3 b6 12.Be2 O-O 13.Nd2 f5 14.Bxc5 bxc5 15.Bxh5 gxh5 16.exf5
Bxf5 17.Nde4 Rb8 18.a3 Qd7 19.h4 Bg4 20.O-O Bf3 21.Kh2 Qg4 22.Nd2 e4 23.Nxf3
exf3 24.Nb5 Be5 25.Kh1 {#R} 0-1

[Event "Olympiad"]
[Site "masterchessopen.com - Elista (Russia)"]
[Round "3"]
[White "Belli Mario (PER)"]
[Black "Saavedra Carlos (BOL)"]
[Result "1-0"]
[WhiteElo "2380"]
[BlackElo "2188"]

1.d4 Nf6 2.Nf3 d6 3.c4 Nbd7 4.Nc3 e5 5.e4 Be7 6.Be2 O-O 7.O-O c6 8.Re1 Re8
9.Bf1 Bf8 10.b3 a6 11.Bb2 b5 12.a3 Bb7 13.Qc2 Qb6 14.Rad1 Rac8 15.c5 Qc7
16.dxe5 dxe5 17.b4 Rcd8 18.Nb1 a5 19.Bc3 axb4 20.axb4 Ra8 21.Nbd2 Be7 22.Qb2
Bd8 23.Bd3 Qb8 24.Bc2 Bc7 25.Bb3 Re7 26.Nf1 Nf8 27.Ng3 Bc8 28.Nf5 Re8 29.Nd6
Bxd6 30.Rxd6 {#r} 1-0

[Event "It (open)"]
[Site "masterchessopen.com - Jersey"]
[Round "5"]
[White "Vickery Jim (ENG)"]
[Black "Simons Martin (ENG)"]
[Result "0-1"]
[WhiteElo "2104"]
[BlackElo "2170"]

1.d4 Nf6 2.Nf3 d6 3.c4 Nbd7 4.Nc3 e5 5.e4 Be7 6.Be2 O-O 7.O-O c6 8.Re1 Qc7
9.Bf1 a6 10.d5 c5 11.a3 Ne8 12.Bd3 g6 13.Qc2 Ng7 14.Bh6 Nf6 15.b4 b6 16.Reb1
Ng4 17.Bxg7 Kxg7 18.bxc5 bxc5 19.h3 Nh6 20.Na4 Ra7 21.Nb6 Bb7 22.Qd2 Rb8
23.Ra2 Bd8 24.Rab2 Ng8 25.Bc2 Nf6 26.Qd1 Qe7 27.Nd2 Bc7 28.Nc8 Bxc8 29.Rxb8
Bxb8 30.Rxb8 Bb7 {#R} 0-1

[Event "It \"]
[Site "masterchessopen.com - Jyvaskyla (Finland)"]
[Round "0"]
[White "Mertanen Janne (FIN)"]
[Black "Nouro Mikael (FIN)"]
[Result "0-1"]
[WhiteElo "2369"]
[BlackElo "2335"]

1.d4 Nf6 2.c4 d6 3.Nf3 Nbd7 4.Nc3 e5 5.e4 Be7 6.Be2 O-O 7.O-O c6 8.Re1 Re8
9.Bf1 Bf8 10.b3 exd4 11.Nxd4 Nc5 12.f3 d5 13.cxd5 cxd5 14.e5 Nfd7 15.f4 Nb6
16.Bb2 f6 17.exf6 Rxe1 18.Qxe1 Qxf6 19.Nxd5 Nxd5 20.Bc4 Kh8 21.Bxd5 Nd3 22.Qc3
Nxb2 23.Rb1 Bf5 24.Nxf5 {#R} 0-1

[Event "Memorial Goldberg"]
[Site "masterchessopen.com - Moscow (Russia)"]
[Round "6"]
[White "Vorobiov Evgeny E (RUS)"]
[Black "Gelman Alexander (RUS)"]
[Result "0-1"]
[WhiteElo "2460"]
[BlackElo "2445"]

1.d4 d6 2.Nf3 Nf6 3.c4 Nbd7 4.Nc3 e5 5.e4 Be7 6.Be2 O-O 7.O-O c6 8.d5 c5 9.a3
Ne8 10.b4 g6 11.Rb1 Ng7 12.Nd2 f5 13.Nb3 b6 14.exf5 gxf5 15.f4 Bf6 16.Bb2 exf4
17.Rxf4 Be5 18.Rf3 Nf6 19.bxc5 bxc5 20.Na4 Bxb2 21.Nxb2 Ne4 22.Na4 Qg5 23.Qc1
f4 24.Bd3 Qe5 25.Kh1 Bg4 26.Rf1 f3 27.gxf3 Bh3 {#R} 0-1

[Event "It"]
[Site "masterchessopen.com - Orel (Russia)"]
[Round "3"]
[White "Lunev Andrey (RUS)"]
[Black "Komliakov Viktor (MDA)"]
[Result "1-0"]
[WhiteElo "2390"]
[BlackElo "2485"]

1.Nf3 Nf6 2.c4 d6 3.d4 Nbd7 4.Nc3 e5 5.e4 c6 6.Be2 Qc7 7.O-O Be7 8.Be3 O-O
9.Nd2 Re8 10.d5 Nf8 11.b4 Ng6 12.Rc1 Nd7 13.Nb3 a5 14.Nxa5 c5 15.a3 Nb8 16.Nb5
Qd7 17.Qd2 b6 18.Nb3 Na6 19.Ra1 Rf8 20.bxc5 bxc5 21.Bd3 Qg4 22.f3 Qh5 23.Na5
Nb8 24.Rfb1 Nf4 25.Bf1 f5 26.Nc7 Ra7 27.Rxb8 Rxc7 28.Bxf4 exf4 29.e5 dxe5
30.d6 {#r} 1-0

[Event "It"]
[Site "masterchessopen.com - Sisak (Croatia)"]
[Round "2"]
[White "Mirnic Mirko (CRO)"]
[Black "Brigljevic Milan (CRO)"]
[Result "0-1"]
[WhiteElo "2158"]
[BlackElo "2315"]

1.d4 Nf6 2.Nf3 d6 3.c4 Nbd7 4.Nc3 e5 5.e4 Be7 6.Be2 O-O 7.d5 c6 8.O-O Nc5
9.Qc2 cxd5 10.cxd5 a5 11.Bg5 Bd7 12.Be3 Rc8 13.Bxc5 Rxc5 14.Qb3 b5 15.Bxb5
Nxe4 16.Be2 Nxc3 17.bxc3 a4 18.Qd1 Rxc3 19.Nd2 Qc8 20.Ne4 Rc7 21.f4 f5 22.Nd2
exf4 23.Rxf4 Bf6 24.Rb1 Bg5 {#R} 0-1

[Event "It (open)"]
[Site "masterchessopen.com - Vienna (Austria)"]
[Round "0"]
[White "Miniboeck Guenter (AUT)"]
[Black "Kamaryt Thomas (AUT)"]
[Result "1-0"]
[WhiteElo "2350"]
[BlackElo "2109"]

1.d4 Nf6 2.c4 d6 3.Nc3 Nbd7 4.e4 e5 5.Nf3 Be7 6.Be2 O-O 7.O-O c6 8.Be3 Qc7
9.d5 c5 10.Ne1 Ne8 11.Nd3 a6 12.g3 g6 13.Bh6 Ng7 14.f4 f5 15.exf5 gxf5 16.fxe5
dxe5 17.Qd2 b5 18.cxb5 c4 19.Nf2 Bc5 20.d6 Qa7 21.Qg5 Nb6 22.Rad1 Qd7 23.Nd5
axb5 24.Ne7+ {#r} 1-0

[Event "Tournament (Elo)"]
[Site "masterchessopen.com - Budapest (Hungary)"]
[Round "7"]
[White "Bordas Gyula (HUN)"]
[Black "Szirmai Eduard (HUN)"]
[Result "1-0"]
[WhiteElo "2111"]
[BlackElo "2214"]

1.c4 e5 2.Nc3 Nf6 3.Nf3 d6 4.d4 Nbd7 5.e4 Be7 6.Be2 O-O 7.O-O c6 8.Qc2 Re8
9.Rd1 Qc7 10.h3 Nf8 11.Be3 Ng6 12.d5 Bd7 13.b4 cxd5 14.exd5 Nh5 15.Qb3 Nhf4
16.Bf1 f5 17.c5 Nh5 18.Rac1 f4 19.cxd6 Bxd6 20.Ne4 Qb8 21.Bc5 Bxc5 22.Nxc5 Nf8
23.d6+ Kh8 24.Ng5 h6 25.Nf7+ Kh7 26.Bd3+ g6 27.Nxe5 Rxe5 28.Qf7+ Kh8 29.Nxd7
Nxd7 30.Qxd7 {#r} 1-0

[Event "Ch City (open)"]
[Site "masterchessopen.com - Cologne (Germany)"]
[Round "5"]
[White "Huhndorf Arnold (GER)"]
[Black "Markzitser Dmitry (GER)"]
[Result "0-1"]
[WhiteElo "2277"]
[BlackElo "2150"]

1.d4 Nf6 2.c4 d6 3.Nc3 Nbd7 4.e4 e5 5.Nf3 c6 6.Be2 Be7 7.O-O O-O 8.Qc2 a6
9.Rd1 Qc7 10.b3 Re8 11.Ba3 Bf8 12.Rac1 exd4 13.Rxd4 a5 14.Rcd1 Nc5 15.h3 g6
16.Nh2 Bg7 17.Bf3 Nfd7 18.R4d2 h5 19.g3 h4 20.g4 Bh6 21.Re2 Ne5 22.Bg2 Bf4
23.Bc1 Ne6 24.Nf3 Nxf3+ 25.Bxf3 Qe7 26.Nd5 cxd5 27.exd5 Bxc1 28.dxe6 Bf4 {#R}
0-1

[Event "Simultan"]
[Site "masterchessopen.com - France"]
[Round "5"]
[White "Kouatly Bachar (FRA)"]
[Black "Bruned Boris (ESP)"]
[Result "1-0"]
[WhiteElo "2480"]
[BlackElo "2002"]

1.d4 d6 2.c4 Nd7 3.Nc3 e5 4.Nf3 Ngf6 5.e4 Be7 6.Be2 c6 7.O-O O-O 8.Bg5 Nh5
9.Be3 g6 10.Qc2 Ng7 11.Rad1 Qc7 12.b4 b6 13.a3 f5 14.exf5 Nxf5 15.Bg5 Bxg5
16.Nxg5 Nf6 17.dxe5 dxe5 18.c5 Nd4 19.Bc4+ Kg7 20.Qd2 bxc5 21.bxc5 Rd8 22.Qe3
Nd5 23.Nxd5 cxd5 24.Rxd4 dxc4 25.Rxd8 Qxd8 26.Qxe5+ Kg8 27.Ne4 Bb7 28.Nd6 Ba6
29.Qd5+ Kg7 30.Qc6 Bb5 {#r} 1-0

[Event "Bundesliga 1999/00 (w)"]
[Site "masterchessopen.com - Germany"]
[Round "3"]
[White "Radziewicz Iweta (POL)"]
[Black "Ioseliani Nana (GEO)"]
[Result "0-1"]
[WhiteElo "2395"]
[BlackElo "2504"]

1.d4 Nf6 2.c4 d6 3.Nf3 Nbd7 4.Nc3 e5 5.e4 Be7 6.Be2 O-O 7.O-O c6 8.d5 cxd5
9.cxd5 a6 10.a4 Nc5 11.Nd2 a5 12.Bb5 Bd7 13.Qe2 g6 14.Ra3 Nh5 15.Nc4 f5
16.Bxd7 Nxd7 17.exf5 Rxf5 18.Ne4 Nb6 19.Nxb6 Qxb6 20.Qb5 Qd4 21.Qxb7 Raf8
22.Qxe7 Qxe4 23.Bh6 R5f7 24.Rf3 Nf4 25.Bxf8 Rxe7 26.Bxe7 Qxd5 27.Bg5 Ne6
28.Bh6 e4 29.Re3 Nd4 {#R} 0-1

[Event "Ch Poland (team) (2nd liga) North"]
[Site "masterchessopen.com - Lublin (Poland)"]
[Round "5"]
[White "Kulczewski Zugmunt (POL)"]
[Black "Cichocki Adam (POL)"]
[Result "0-1"]
[WhiteElo "2091"]
[BlackElo "2377"]

1.d4 Nf6 2.c4 d6 3.Nc3 Nbd7 4.e4 e5 5.Nf3 Be7 6.Be2 O-O 7.O-O c6 8.b3 a6 9.a4
a5 10.Ba3 Re8 11.Re1 Qc7 12.Bf1 Nf8 13.d5 Bg4 14.h3 Bh5 15.Qd3 N8d7 16.Rad1
Bxf3 17.Qxf3 Nc5 18.Rb1 Nfd7 19.Red1 Na6 20.g3 Nb4 21.Qe2 Nc5 22.h4 Qd7 23.Kh2
Bd8 24.Bh3 Qe7 25.Rd2 Bb6 26.Nd1 g6 27.f3 Nca6 28.Bb2 Qf6 29.Ne3 Bd4 30.Bc1
Nc5 {#R} 0-1

[Event "Ch Slovakia"]
[Site "masterchessopen.com - Nove Zamky (Slovakia)"]
[Round "4"]
[White "Tibensky Robert (SVK)"]
[Black "Fraas Martin (SVK)"]
[Result "1-0"]
[WhiteElo "2432"]
[BlackElo "2213"]

1.d4 d6 2.c4 e5 3.Nf3 Nd7 4.Nc3 Ngf6 5.e4 Be7 6.Be2 O-O 7.O-O c6 8.Re1 Qc7
9.h3 Rd8 10.Be3 Nf8 11.Rc1 Ne8 12.b4 f5 13.exf5 Bxf5 14.Bd3 Be6 15.Nd5 cxd5
16.cxd5 Qb6 17.dxe6 d5 18.dxe5 Qxe6 19.Bc5 Bxc5 20.bxc5 Qe7 21.Nd4 Ne6 22.Nf5
Qf7 23.Qg4 Kh8 24.Nd6 {#r} 1-0

[Event "Ch Russia (1/2 final)"]
[Site "masterchessopen.com - Novosibirsk (Russia)"]
[Round "7"]
[White "Nikitin Andrey (RUS)"]
[Black "Chernov A (RUS)"]
[Result "1-0"]
[WhiteElo "2386"]
[BlackElo "2016"]

1.d4 Nf6 2.c4 d6 3.Nc3 e5 4.Nf3 Nbd7 5.e4 c6 6.Be2 Be7 7.O-O O-O 8.Be3 Re8
9.d5 a6 10.b4 a5 11.a3 Ng4 12.Bd2 axb4 13.axb4 Rxa1 14.Qxa1 c5 15.Nb5 Bf8
16.Qa7 h6 17.Ra1 f5 18.Ne1 Ngf6 19.exf5 Ne4 20.Be3 cxb4 21.Bh5 Re7 22.Nd3 Ndc5
23.Nxc5 b6 24.Qb8 bxc5 25.Ra8 Nc3 26.Nxd6 Qc7 27.Nxc8 {#r} 1-0

[Event "It (open) (b)"]
[Site "masterchessopen.com - Paris (France)"]
[Round "8"]
[White "Mayot Philippe (FRA)"]
[Black "Chalmeton Guillaume (FRA)"]
[Result "0-1"]
[WhiteElo "1901"]
[BlackElo "2049"]

1.d4 d6 2.c4 e5 3.Nc3 Nd7 4.Nf3 Ngf6 5.e4 Be7 6.Be2 O-O 7.O-O c6 8.b3 Re8
9.Qc2 Qc7 10.Bb2 Bf8 11.d5 cxd5 12.cxd5 a6 13.Rac1 b5 14.b4 Nb6 15.Nd2 Bd7
16.Qd3 Qa7 17.Qg3 Rec8 18.Kh1 Nc4 19.Bxc4 bxc4 20.f3 Nh5 21.Qf2 Qxf2 22.Rxf2
Nf4 23.Rc2 Nd3 24.Rf1 Nxb4 25.Rcc1 g6 26.Rb1 Bh6 27.Ba3 Bxd2 28.Bxb4 a5 {#R}
0-1

[Event "It (open)"]
[Site "masterchessopen.com - Passau (Germany)"]
[Round "1"]
[White "Stoffel Matthias (GER)"]
[Black "Adamski Jan (POL)"]
[Result "0-1"]
[WhiteElo "2090"]
[BlackElo "2418"]

1.d4 Nf6 2.Nf3 d6 3.c4 Nbd7 4.Nc3 e5 5.e4 c6 6.d5 Be7 7.Be2 a6 8.O-O cxd5
9.cxd5 b5 10.a3 O-O 11.Ne1 Nb6 12.f3 Nh5 13.Nd3 Bg5 14.a4 Bxc1 15.Qxc1 bxa4
16.Nxa4 Bd7 17.Nc3 Nc4 18.Na4 Rc8 19.Ndc5 Nb6 20.Bxa6 Nxa4 21.Bxc8 Nxc5
22.Bxd7 Qxd7 23.Qe3 Qb5 24.Rfb1 Nb3 25.Ra3 Rb8 26.g3 Nf6 27.Kg2 Nd7 28.Ra7
Ndc5 29.Qg5 Qe2+ 30.Kg1 Nd2 {#R} 0-1

[Event "Memorial N.Aratovsky"]
[Site "masterchessopen.com - Saratov (Russia)"]
[Round "2"]
[White "Sultanov Alexander V (RUS)"]
[Black "Dmitriev Igor (RUS)"]
[Result "0-1"]
[WhiteElo "2310"]
[BlackElo "2391"]

1.d4 Nf6 2.c4 d6 3.Nc3 Nbd7 4.e4 e5 5.Nf3 c6 6.Be2 Be7 7.O-O a6 8.a4 a5 9.Qc2
O-O 10.Rd1 Qc7 11.h3 Re8 12.Be3 exd4 13.Nxd4 Nc5 14.f3 h6 15.Bf1 Bd7 16.Re1
Rad8 17.Nb3 b6 18.Nd4 Bc8 19.Rad1 Nh7 20.Qf2 Bf6 21.Bd3 Be6 22.Bf1 Ng5 23.Rd2
Bc8 24.Red1 Be5 25.Rc2 Nge6 26.Nf5 Kh7 27.Rcd2 Nf4 28.Nxd6 Rxd6 29.Rxd6 Bxd6
30.Qc2 Kh8 {#R} 0-1